NFL Pro Bowlers 2018 - Statistics

General Stats
  • This quiz has been taken 1,011 times
  • The average score is 24 of 86
Answer Stats
Hint Answer % Correct
QB Tom Brady
90%
QB Drew Brees
74%
QB Russell Wilson
64%
OT Tyron Smith
63%
WR Julio Jones
59%
OLB Chandler Jones
58%
S Reshad Jones
58%
TE Travis Kelce
58%
WR Antonio Brown
55%
QB Ben Roethlisberger
53%
QB Philip Rivers
53%
QB Carson Wentz
52%
TE Rob Gronkowski
51%
WR Michael Thomas
48%
S Earl Thomas
47%
HB Le'Veon Bell
45%
HB Alvin Kamara
43%
OT Lane Johnson
42%
HB Todd Gurley
42%
WR DeAndre Hopkins
37%
CB Jalen Ramsey
37%
DT Aaron Donald
36%
CB Patrick Peterson
36%
RS Tyreek Hill
36%
C Alex Mack
35%
DE Khalil Mack
35%
DT Malik Jackson
35%
OLB Von Miller
35%
OG Zack Martin
35%
HB Kareem Hunt
34%
WR AJ Green
33%
WR Keenan Allen
33%
HB Mark Ingram
32%
TE Zach Ertz
32%
DT Gerald McCoy
30%
HB LeSean McCoy
30%
OT Trent Williams
30%
ILB Luke Kuechly
27%
TE Jimmy Graham
26%
WR Adam Thielen
25%
ILB Bobby Wagner
25%
DE Calais Campbell
22%
WR Larry Fitzgerald
22%
DT Fletcher Cox
21%
RS Pharoh Cooper
21%
CB Casey Hayward
20%
C Travis Frederick
20%
CB AJ Bouye
19%
CB Aqib Talib
19%
DE Joey Bosa
18%
C Maurkice Pouncey
18%
OLB Jadeveon Clowney
17%
DT Geno Atkins
16%
CB Marshon Lattimore
16%
CB Xavier Rhodes
16%
CB Darius Slay
15%
OG David DeCastro
15%
S Landon Collins
15%
S Malcolm Jenkins
15%
DE Cameron Jordan
14%
DE Everson Griffen
14%
FB Kyle Juszczyk
14%
OG Brandon Brooks
13%
DE Demarcus Lawrence
13%
P Johnny Hekker
13%
ST Matthew Slater
12%
C Rodney Hudson
12%
OLB Terrell Suggs
12%
K Chris Boswell
11%
S Eric Weddle
11%
S Micah Hyde
11%
OLB Anthony Barr
10%
ILB CJ Mosley
10%
FB James Develin
10%
OT Taylor Lewan
10%
OT Alejandro Villanueva
9%
ST Budda Baker
9%
K Greg Zuerlein
9%
ILB Ryan Shazier
9%
DT Jurrell Casey
8%
OG Kelechi Osemele
8%
OLB Ryan Kerrigan
8%
OT Donald Penn
7%
OG Richie Incognito
7%
OG Brandon Scherff
5%
P Brett Kern
4%
No matching quizzes found
Score Distribution
Percent of People with Each Score
Percentile by Number Answered
Your Score History
You have not taken this quiz